School counselor accountability : (Record no. 3951)

MARC details
000 -LEADER
fixed length control field 00729nam a22002177a 4500
003 - CONTROL NUMBER IDENTIFIER
control field OSt
005 - DATE AND TIME OF LATEST TRANSACTION
control field 20250813065543.0
008 - FIXED-LENGTH DATA ELEMENTS--GENERAL INFORMATION
fixed length control field 250813b |||||||| |||| 00| 0 eng d
020 ## - INTERNATIONAL STANDARD BOOK NUMBER
International Standard Book Number 10987654321
040 ## - CATALOGING SOURCE
Original cataloging agency DWC-Main Lib
Transcribing agency OC
082 ## - DEWEY DECIMAL CLASSIFICATION NUMBER
Classification number Circ. 371.40973 S877s 2004
100 ## - MAIN ENTRY--PERSONAL NAME
Personal name Stone, Carolyn B.
245 ## - TITLE STATEMENT
Title School counselor accountability :
Remainder of title a measure of student success/
Statement of responsibility, etc. Carolyn B. Stone & Carol A. Dahir
260 ## - PUBLICATION, DISTRIBUTION, ETC.
Place of publication, distribution, etc. New Jersey :
Name of publisher, distributor, etc. Pearson Education,
Date of publication, distribution, etc. c2004.
300 ## - PHYSICAL DESCRIPTION
Extent viii, 120 pages :
Other physical details illustrations ;
Dimensions 28cm.
504 ## - BIBLIOGRAPHY, ETC. NOTE
Bibliography, etc. note Index appendix.
650 ## - SUBJECT ADDED ENTRY--TOPICAL TERM
Topical term or geographic name entry element 1. Education --- Standards --- United States.
650 ## - SUBJECT ADDED ENTRY--TOPICAL TERM
Topical term or geographic name entry element 2. Educational change.
700 ## - ADDED ENTRY--PERSONAL NAME
Personal name Dahir, Carol A.
942 ## - ADDED ENTRY ELEMENTS (KOHA)
Source of classification or shelving scheme Dewey Decimal Classification
Koha item type Book Circulation
Call number prefix Circ.
Suppress in OPAC No
952 ## - LOCATION AND ITEM INFORMATION (KOHA)
--
Holdings
Withdrawn status Lost status Source of classification or shelving scheme Damaged status Not for loan Home library Current library Shelving location Date acquired Source of acquisition Total Checkouts Full call number Barcode Date last seen Copy number Price effective from Koha item type Uniform Resource Identifier
    Dewey Decimal Classification     College Library College Library Circulation 10/17/2023 Donation   Circ. 371.40973 S877s 2004 CL53981 08/13/2025 c1 08/13/2025 BK-CIRC